Historia y anales de la ciudad y obispado de Plasencia / (Record no. 62272)
[ view plain ]
| 000 -LEADER | |
|---|---|
| campo de control de longitud fija | 00772nam a2200217 i 4500 |
| 001 - NÚMERO DE CONTROL | |
| campo de control | 62272 |
| 003 - IDENTIFICADOR DE NÚMERO DE CONTROL | |
| campo de control | ES-MaACL |
| 005 - FECHA Y HORA DE LA ÚLTIMA TRANSACCIÓN | |
| campo de control | 20230906164635.0 |
| 007 - CAMPO FIJO DE DESCRIPCIÓN FÍSICA--INFORMACIÓN GENERAL | |
| campo de control de longitud fija | t| |
| 008 - DATOS DE LONGITUD FIJA--INFORMACIÓN GENERAL | |
| campo de control de longitud fija | 031119s1952 sp ||||1| spa d |
| 100 1# - ENTRADA PRINCIPAL--NOMBRE DE PERSONA | |
| Nombre de persona | Fernández, Alonso. |
| 9 (RLIN) | 49333 |
| 245 10 - MENCIÓN DEL TÍTULO | |
| Título | Historia y anales de la ciudad y obispado de Plasencia / |
| Mención de responsabilidad, etc. | por Alonso Fernández. |
| 260 ## - PUBLICACIÓN, DISTRIBUCIÓN, ETC. | |
| Lugar de publicación, distribución, etc. | Cáceres : |
| Nombre del editor, distribuidor, etc. | Departamento Provincial de Seminarios de F.E.T. y de las J.O.N.S., |
| Fecha de publicación, distribución, etc. | 1952 ( |
| Fabricante | El Noticiero) |
| 300 ## - DESCRIPCIÓN FÍSICA | |
| Extensión | XIX, 578 p. : |
| Otras características físicas | map. ; |
| Dimensiones | 21 cm. |
| 490 1# - MENCIÓN DE SERIE | |
| Mención de serie | Biblioteca Extremeña ; |
| Designación de volumen o secuencia | 5 |
| 651 #4 - PUNTO DE ACCESO ADICIONAL DE MATERIA--NOMBRE GEOGRÁFICO | |
| Nombre geográfico | Plasencia- |
| Subdivisión general | Historia. |
| 9 (RLIN) | 9237 |
| 651 #4 - PUNTO DE ACCESO ADICIONAL DE MATERIA--NOMBRE GEOGRÁFICO | |
| Nombre geográfico | Plasencia- |
| Subdivisión general | Historia eclesiástica. |
| 9 (RLIN) | 157569 |
| 830 0# - PUNTO DE ACCESO ADICIONAL DE SERIE-TÍTULO UNIFORME | |
| Título uniforme | Biblioteca Extremeña ; |
| Designación de volumen o secuencia | 5 |
| 9 (RLIN) | 181591 |
| 852 ## - LOCALIZACIÓN | |
| Ubicación | ES-MaACL |
| Número de control de estantería | C-6791 |
| Sublocalización o colección | R.34520 |
| Estatus retirado | Estado de pérdida | Estado de daño | No para préstamo | Biblioteca de origen | Biblioteca actual | Ubicación en estantería | Fecha de adquisición | Fuente de adquisición | Total de préstamos | Signatura topográfica completa | Código de barras | Visto por última vez | Precio de reemplazo | Tipo de ítem Koha |
|---|---|---|---|---|---|---|---|---|---|---|---|---|---|---|
| Biblioteca del Ateneo de Madrid | Biblioteca del Ateneo de Madrid | Sala Palomar | 17/01/2008 | C-6791 | 1065284 | 23/02/2023 | 23/02/2023 | Libro impreso |
